000 00561nam a2200205Ia 4500
005 20250508153222.0
008 008 250505s9999 xx 000 0 eng d
037 _aTextual
040 _aFEDL
_beng
_cFEDL
041 _aeng
_2eng
084 _a311, GHO
_qFEDL
100 _aGhosh M.K.
_9299070
245 0 _aStatistics: Theory and practice
250 _a9
260 _aAllahabad, India
_bThe Indian Press Pvt. Ltd.
_c1962
300 _a624p
700 _a Chaudhri S. C.
_9763439
942 _cTEXL
_h311, GHO
999 _c1341336
_d1341336